Expozé místopředsedy vlády a ministra financí ČR k návrhu státního rozpočtu ČR na rok 1994

Výklad ministra financií ing. I. Kočárníka k návrhu štátneho rozpočtu ČR na rok 1994, prednesený v Poslaneckej snemovni Parlamentu ČR. Základné východiská štátneho rozpočtu. Ekonomický vývoj v roku 1993. Koncepcia výdajov štátneho rozpočtu.

Salvato in:
Dettagli Bibliografici
Natura: Capitolo di libro
Lingua:ceco
Soggetti:
Tags: Aggiungi Tag
Nessun Tag, puoi essere il primo ad aggiungerne!!

MARC

LEADER 00000naa a2200000 4500
001 r015360
005 20221205090225.6
041 0 |a cze 
044 |a CZ 
245 1 0 |a Expozé místopředsedy vlády a ministra financí ČR k návrhu státního rozpočtu ČR na rok 1994 
520 |a Výklad ministra financií ing. I. Kočárníka k návrhu štátneho rozpočtu ČR na rok 1994, prednesený v Poslaneckej snemovni Parlamentu ČR. Základné východiská štátneho rozpočtu. Ekonomický vývoj v roku 1993. Koncepcia výdajov štátneho rozpočtu. 
610 2 0 |a rozpočet štátny 
610 2 0 |a Česko 
610 2 0 |a 1994